| 000 | 00712nam a2200241Ia 4500 | ||
|---|---|---|---|
| 003 | OSt | ||
| 005 | 20221007111817.0 | ||
| 006 | a|||||r|||| 00| 0 | ||
| 007 | ta | ||
| 008 | 221006b |||||||| |||| 00| 0 eng d | ||
| 024 | _a24,343 | ||
| 037 | _cTextual | ||
| 040 |
_aLCO _cLCO _beng |
||
| 041 |
_2eng _aeng |
||
| 082 | _aV1:5, P6 | ||
| 100 |
_aReddy Shravanti _9708531 |
||
| 245 | 0 |
_aKashipur _b An Enquiry into Mining & Human Rights VViolations In Kashipur, Orissa |
|
| 260 |
_aMumbai _bIndian People's Tribunal on Environment and Human Rights India _c2006 |
||
| 300 | _a100 | ||
| 650 |
_aVIOLATION _9708532 |
||
| 942 |
_hV1:5, P6 _cTEXL |
||
| 999 |
_c1193906 _d1193906 |
||